000 00362nam a2200133 i 4500
001 bg
100 1 _aWYSOCKI, Tadeusz
245 0 _aPodstawowe zagadnienia metodyki prowadzenia inżynierskich prac dyplomowych... /
_cTadeusz Wysocki.
260 _aGliwice,
_c1974.
040 _cBPK
041 _apol
942 _cKS
008 s pl f |000 0 pol
999 _c26097
_d26097
856 _uhttp://koha.tu.koszalin.pl/cgi-bin/koha/opac-detail.pl?biblionumber=26097
_yKatalog online BPK